<?xml version="1.0" encoding="UTF-8"?><?xml-stylesheet type="text/xsl" href="static/style.xsl"?><OAI-PMH xmlns="http://www.openarchives.org/OAI/2.0/" xmlns:xsi="http://www.w3.org/2001/XMLSchema-instance" xsi:schemaLocation="http://www.openarchives.org/OAI/2.0/ http://www.openarchives.org/OAI/2.0/OAI-PMH.xsd"><responseDate>2026-04-13T14:26:19Z</responseDate><request verb="GetRecord" identifier="oai:www.recercat.cat:10459.1/466927" metadataPrefix="marc">https://recercat.cat/oai/request</request><GetRecord><record><header><identifier>oai:recercat.cat:10459.1/466927</identifier><datestamp>2025-09-15T19:01:48Z</datestamp><setSpec>com_2072_3622</setSpec><setSpec>col_2072_479130</setSpec></header><metadata><record xmlns="http://www.loc.gov/MARC21/slim" xmlns:dcterms="http://purl.org/dc/terms/" xmlns:xsi="http://www.w3.org/2001/XMLSchema-instance" xmlns:doc="http://www.lyncode.com/xoai" xsi:schemaLocation="http://www.loc.gov/MARC21/slim http://www.loc.gov/standards/marcxml/schema/MARC21slim.xsd">
   <leader>00925njm 22002777a 4500</leader>
   <datafield ind2=" " ind1=" " tag="042">
      <subfield code="a">dc</subfield>
   </datafield>
   <datafield ind2=" " ind1=" " tag="720">
      <subfield code="a">Company Sancho, Consuelo</subfield>
      <subfield code="e">author</subfield>
   </datafield>
   <datafield ind2=" " ind1=" " tag="720">
      <subfield code="a">Alonso-Poncelas,  Emma</subfield>
      <subfield code="e">author</subfield>
   </datafield>
   <datafield ind2=" " ind1=" " tag="720">
      <subfield code="a">Rich Ruiz, Manuel</subfield>
      <subfield code="e">author</subfield>
   </datafield>
   <datafield ind2=" " ind1=" " tag="720">
      <subfield code="a">Cidoncha-Moreno, María Ángeles</subfield>
      <subfield code="e">author</subfield>
   </datafield>
   <datafield ind2=" " ind1=" " tag="720">
      <subfield code="a">Gonzalez-Pisano, Ana</subfield>
      <subfield code="e">author</subfield>
   </datafield>
   <datafield ind2=" " ind1=" " tag="720">
      <subfield code="a">Abad Corpa, Eva</subfield>
      <subfield code="e">author</subfield>
   </datafield>
   <datafield ind2=" " ind1=" " tag="260">
      <subfield code="c">2021</subfield>
   </datafield>
   <datafield ind2=" " ind1=" " tag="520">
      <subfield code="a">Fall prevention is a key priority in healthcare policies. Multicomponent exercises reduce the risk of falls. The purpose of this study is to describe the relationship between functional performance and falls after following the Otago multicomponent exercise programme and previous falls. A prospective multi-centre intervention study was performed on 498 patients aged over 65 in primary care, with or without a history of previous falls. Sociodemographic, anthropometric and functionality data were collected. The primary outcome was the occurrence of falls; functional performance was measured using the Tinetti, Short Physical Performance Battery and Timed Up and Go tests. Among the patients, 29.7% referred to previous falls. There was a statistically significant (p &lt; 0.001) increase in falls at 6 months (10.1%) and at 12 months (7.6%) among participants with previous falls in the baseline assessment compared to those without. In addition, the existence of previous falls could be considered a risk factor at 6 and 12 months (OR =2.37, p = 0.002, and OR = 1.76, p = 0.046, respectively). With regard to balance and gait, differences between the groups were observed at 6 months in the Tinetti score (p &lt; 0.001) and in the baseline assessment Timed Up and Go score (p &lt; 0.044). Multicomponent exercises improve the fall rate, balance and gait in older people, although this improvement is less in people with previous falls. Earlier intervention and tailoring of exercises in patients with previous falls could help improve outcomes.</subfield>
   </datafield>
   <datafield tag="653" ind2=" " ind1=" ">
      <subfield code="a">Community</subfield>
   </datafield>
   <datafield tag="653" ind2=" " ind1=" ">
      <subfield code="a">Elderly</subfield>
   </datafield>
   <datafield tag="653" ind2=" " ind1=" ">
      <subfield code="a">Falls</subfield>
   </datafield>
   <datafield tag="653" ind2=" " ind1=" ">
      <subfield code="a">Prevention</subfield>
   </datafield>
   <datafield tag="653" ind2=" " ind1=" ">
      <subfield code="a">Primary care</subfield>
   </datafield>
   <datafield ind2="0" ind1="0" tag="245">
      <subfield code="a">The Relation between Functional Performance, Falls and Previous Falls Among Participants in the Otago Programme: A Secondary Data Analysis</subfield>
   </datafield>
</record></metadata></record></GetRecord></OAI-PMH>